000 00418nam a2200181Ia 4500
001 1170
005 20260306140612.0
008 260306t1972||||xx |||||||||||||| ||spa||
041 _aESP
082 _a186.3
_bC61
100 _aCicerón, Marco Tulio
_eAUT
245 0 _aCuestiones académicas
260 _c1972
300 _a140 páginas :
_c18 cm.
650 _aGEN
654 _aCHU
942 _cLIB
_dJUS
_fJUS
_2ddc
_n
999 _c1170
_d1170